Ultrasound physics and technology : (Record no. 13816)
[ view plain ]
| 000 -LEADER | |
|---|---|
| fixed length control field | 01389cam a22003974a 4500 |
| 001 - CONTROL NUMBER | |
| control field | 15687905 |
| 003 - CONTROL NUMBER IDENTIFIER | |
| control field | OSt |
| 005 - DATE AND TIME OF LATEST TRANSACTION | |
| control field | 20140310182501.0 |
| 008 - FIXED-LENGTH DATA ELEMENTS--GENERAL INFORMATION | |
| fixed length control field | 090330s2009 stka b 001 0 eng |
| 010 ## - LIBRARY OF CONGRESS CONTROL NUMBER | |
| LC control number | 2009013024 |
| 015 ## - NATIONAL BIBLIOGRAPHY NUMBER | |
| National bibliography number | GBA8B1917 |
| Source | bnb |
| 016 7# - NATIONAL BIBLIOGRAPHIC AGENCY CONTROL NUMBER | |
| Record control number | 014760356 |
| Source | Uk |
| 016 7# - NATIONAL BIBLIOGRAPHIC AGENCY CONTROL NUMBER | |
| Record control number | 101500493 |
| Source | DNLM |
| 020 ## - INTERNATIONAL STANDARD BOOK NUMBER | |
| International Standard Book Number | 9780702030413 (alk. paper) |
| 020 ## - INTERNATIONAL STANDARD BOOK NUMBER | |
| International Standard Book Number | 0702030414 (alk. paper) |
| 035 ## - SYSTEM CONTROL NUMBER | |
| System control number | (OCoLC)ocn258084883 |
| 040 ## - CATALOGING SOURCE | |
| Original cataloging agency | DNLM/DLC |
| Transcribing agency | DLC |
| Modifying agency | UKM |
| -- | BTCTA |
| -- | NLM |
| -- | YDXCP |
| -- | C#P |
| -- | OCLCA |
| -- | CDX |
| -- | DLC |
| 042 ## - AUTHENTICATION CODE | |
| Authentication code | pcc |
| 050 00 - LIBRARY OF CONGRESS CALL NUMBER | |
| Classification number | R 857 |
| Item number | .G442 2009 |
| 100 1# - MAIN ENTRY--PERSONAL NAME | |
| Personal name | Gibbs, Vivien. |
| 9 (RLIN) | 8693 |
| 245 10 - TITLE STATEMENT | |
| Title | Ultrasound physics and technology : |
| Remainder of title | how, why and when / |
| Statement of responsibility, etc | Vivien Gibbs, David Cole, Antonio Sassano. |
| 260 ## - PUBLICATION, DISTRIBUTION, ETC. (IMPRINT) | |
| Place of publication, distribution, etc | New York : |
| Name of publisher, distributor, etc | Churchill Livingstone/Elsevier, |
| Date of publication, distribution, etc | c2009. |
| 300 ## - PHYSICAL DESCRIPTION | |
| Extent | 137 p. : |
| Other physical details | col. ill. ; |
| Dimensions | 25 cm. |
| 650 #0 - SUBJECT ADDED ENTRY--TOPICAL TERM | |
| Topical term or geographic name as entry element | Ultrasonics in medicine. |
| 9 (RLIN) | 8694 |
| 650 #0 - SUBJECT ADDED ENTRY--TOPICAL TERM | |
| Topical term or geographic name as entry element | Diagnostic ultrasonic imaging. |
| 9 (RLIN) | 8692 |
| 650 12 - SUBJECT ADDED ENTRY--TOPICAL TERM | |
| Topical term or geographic name as entry element | Ultrasonics. |
| 9 (RLIN) | 8695 |
| 650 22 - SUBJECT ADDED ENTRY--TOPICAL TERM | |
| Topical term or geographic name as entry element | Ultrasonography |
| General subdivision | instrumentation. |
| 9 (RLIN) | 8696 |
| 650 22 - SUBJECT ADDED ENTRY--TOPICAL TERM | |
| Topical term or geographic name as entry element | Ultrasonography |
| General subdivision | methods. |
| 9 (RLIN) | 8697 |
| 700 1# - ADDED ENTRY--PERSONAL NAME | |
| Personal name | Cole, David, |
| Titles and other words associated with a name | TDCR. |
| 9 (RLIN) | 8698 |
| 700 1# - ADDED ENTRY--PERSONAL NAME | |
| Personal name | Sassano, Antonio. |
| 9 (RLIN) | 8699 |
| 906 ## - LOCAL DATA ELEMENT F, LDF (RLIN) | |
| a | 7 |
| b | cbc |
| c | orignew |
| d | 1 |
| e | ecip |
| f | 20 |
| g | y-gencatlg |
| 942 ## - ADDED ENTRY ELEMENTS (KOHA) | |
| Source of classification or shelving scheme | Library of Congress Classification |
| Koha item type | |
| Withdrawn status | Lost status | Source of classification or shelving scheme | Damaged status | Home library | Current library | Shelving location | Date acquired | Total Checkouts | Full call number | Barcode | Date last seen | Copy number | Price effective from | Koha item type | Source of acquisition | Total Renewals | Date checked out |
|---|---|---|---|---|---|---|---|---|---|---|---|---|---|---|---|---|---|
| Library of Congress Classification | South SEED-LPDH College Library | South SEED-LPDH College Library | South SEED-LPDH College Section | 08/07/2013 | R 857 .G442 2009 | SSLC0076 | 04/20/2017 | 1 | 08/07/2013 | Books | |||||||
| Library of Congress Classification | South SEED-LPDH College Library | South SEED-LPDH College Library | South SEED-LPDH College Section | 08/10/2013 | 2 | R 857 .G442 2009 | SSLC0069 | 04/20/2017 | 2 | 08/10/2013 | Books | Donation | 20 | 06/16/2015 |